000 00512nam a22001937a 4500
003 CEME
005 20210628204100.0
008 210111b xxu||||| |||| 00| 0 eng d
020 _a9788131764015
040 _cceme
082 _a005.8 BRI
100 _aBritz, Marjie.T
_968642
245 _aComputer forensics and cyber crime , an introduction
250 _a2ND
260 _aINDIA
_bPEARSON EDUCATION
_c2012
300 _aXXI, 380P
650 _aCOMPUTER FORENSICS.CYBER CRIME
_968643
942 _cBK
_2ddc
999 _c576160
_d576160